01358cam a22002894 450000500170000000800390001702000150005602000290007104000290010004100080012904400070013708200170014410000390016124501860020026000860038630001050047250400550057765000490063265000540068165000490073565000280078465000320081270000320084494200150087699900170089195201600090820160227125324.0010719s2000 ck abo frb 000 0 eng a9589663745 a9589663737 (colección) aDLCcDLCdDLCdCO-BoIAVH0 aeng ack04a577.34bS16c1 aSalazar Ramírez, María Isabel.14aThe Coastal Rain Forest :ctextos, María Isabel Salazar Ramírez, Miryam Monsalve Benavides ; fotografía, Diego Miguel Garcés Guerrero.bof Colombia's Cauca Valley Department aCali, Colombia :bCorporación Autónoma Regional del Valle del Cauca,c[2000?] a68 páginas :bIlustraciones (algunas a color), mapas a color, fotografías a color ;c16 x 16 cm. aIncluye referencias bibliográficas: página 68. 0aMangrove ecologyzColombiazValle del Cauca. 0aMangrove conservationzColombiazValle del Cauca. 0aMangrove forestszColombiazValle del Cauca.14aEcología de manglares14aConservación de manglares1 aMonsalve Benavides, Miryam. 2ddccLIBRO c18185d18185 00102ddc40708GENERALIINV2017aBogotabBogotad2016-02-27eInstitutog39000.00l0oLB-577.34 S16cp002070r2016-02-27 00:00:00tEj.1w2016-02-27yLIBRO